[Event "16 open Andre POHU"]
[Site "?"]
[Date "2017.06.03"]
[Round "1.1"]
[White "Renard, Emmanuel"]
[Black "Crouan, Stéphane"]
[Result "0-1"]
[WhiteElo "1783"]
[BlackElo "2109"]
[PlyCount "66"]
[EventDate "2017.??.??"]

1. f4 g6 2. Nf3 Bg7 3. e4 d6 4. d4 a6 5. Be2 Nf6 6. Nc3 O-O 7. e5 Ne8 8. Be3 b5
9. a4 b4 10. Nd5 a5 11. Bd2 Bb7 12. Ne3 c5 13. c3 Nc7 14. Rc1 cxd4 15. cxd4
dxe5 16. fxe5 Ne6 17. Nc4 Nxd4 18. Be3 Nxf3+ 19. Bxf3 Qxd1+ 20. Rxd1 Bxf3 21.
gxf3 Nc6 22. Rd5 Rfd8 23. Rc5 Nd4 24. Kf2 Nb3 25. Rc7 Rdc8 26. Rxc8+ Rxc8 27.
Rd1 h5 28. e6 fxe6 29. Nd2 Rc2 30. Kg3 Nxd2 31. Bxd2 Rxb2 32. Bf4 Ra2 33. Rd7
b3 0-1

[Event "16 open Andre POHU"]
[Site "?"]
[Date "2017.06.03"]
[Round "2.1"]
[White "Crouan, Stéphane"]
[Black "Dalaud, Dorian"]
[Result "1/2-1/2"]
[WhiteElo "2192"]
[BlackElo "1911"]
[PlyCount "93"]
[EventDate "2017.??.??"]

1. e4 c5 2. Nf3 d6 3. d4 cxd4 4. Nxd4 Nf6 5. Nc3 a6 6. Bg5 Nbd7 7. f4 Qb6 8.
Nb3 h6 9. Bxf6 Nxf6 10. Qf3 g6 11. Bd3 Bg7 12. f5 g5 13. O-O-O Bd7 14. Rhe1 O-O
15. Nd5 Nxd5 16. exd5 a5 17. f6 exf6 18. Re7 a4 19. Nd4 f5 20. Nxf5 Qxb2+ 21.
Kd2 Qb4+ 22. Ke2 Rae8 23. Kf1 Bxf5 24. Qxf5 Qf4+ 25. Qxf4 gxf4 26. Rxb7 Rb8 27.
Rdb1 Rxb7 28. Rxb7 a3 29. Kf2 Ra8 30. Kf3 Be5 31. Kg4 Kg7 32. Kf5 Ra4 33. c4 f3
34. gxf3 Bxh2 35. f4 Bg1 36. Be2 Ra7 37. Rb3 Bc5 38. Rg3+ Kf8 39. Rb3 Re7 40.
Bh5 Re3 41. Rb8+ Re8 42. Rb5 Re3 43. Rb1 Re8 44. Bf3 Re3 45. Bh5 Re8 46. Rb3
Re3 47. Rb7 1/2-1/2

[Event "16 open Andre  POHU"]
[Site "?"]
[Date "2017.06.04"]
[Round "2.2"]
[White "Treguer, Pierig"]
[Black "Flachet, Thierry"]
[Result "0-1"]
[WhiteElo "1961"]
[BlackElo "2109"]
[PlyCount "46"]
[EventDate "2017.??.??"]

1. e4 e6 2. d4 d5 3. Nd2 Nf6 4. e5 Nfd7 5. f4 c5 6. c3 Nc6 7. Ndf3 cxd4 8. cxd4
b5 9. Bd3 Qb6 10. Ne2 b4 11. Be3 g6 12. O-O Ba6 13. Bxa6 Qxa6 14. Qd2 Be7 15.
Rac1 Rc8 16. b3 O-O 17. f5 exf5 18. Bh6 Rfe8 19. Nf4 Nb6 20. Qe3 Nd8 21. Ng5
Rxc1 22. Rxc1 Qb7 23. Nxf7 Nxf7 0-1

[Event "16 open Andre POHU"]
[Site "?"]
[Date "2017.06.04"]
[Round "3.1"]
[White "Flachet, Thierry"]
[Black "Lucas, Arthur"]
[Result "1/2-1/2"]
[WhiteElo "2109"]
[BlackElo "2103"]
[PlyCount "120"]
[EventDate "2017.??.??"]

1. Nf3 Nf6 2. c4 e6 3. g3 a6 4. Bg2 b5 5. Ne5 Ra7 6. O-O d6 7. Nc6 Nxc6 8.
Bxc6+ Bd7 9. Bxd7+ Qxd7 10. d3 Be7 11. Nd2 O-O 12. Nf3 Ne8 13. Qc2 c5 14. Be3
e5 15. b4 Qe6 16. a4 Rb7 17. bxc5 dxc5 18. cxb5 axb5 19. axb5 Rxb5 20. Rfb1 Nc7
21. Qc4 Rxb1+ 22. Rxb1 Qxc4 23. dxc4 f6 24. Rb7 Rc8 25. Nd2 Kf8 26. Ne4 Ne6 27.
Nc3 Rc7 28. Rxc7 Nxc7 29. Kf1 Kf7 30. Ke1 Ke6 31. Kd2 Kd7 32. Kd3 Kc6 33. g4 g6
34. f3 f5 35. Bf2 h5 36. gxh5 gxh5 37. e4 f4 38. Nd5 Bd8 39. Nxc7 Bxc7 40. Kc3
Bd8 41. Kb3 Kb6 42. Ka4 Kc6 43. Be1 Bc7 44. Bh4 Kb6 45. Be7 Kc6 46. Bf6 Kb6 47.
Kb3 Kc6 48. Kc2 Kd6 49. Kd3 Ke6 50. Bg5 Ba5 51. Ke2 Kf7 52. Kf1 Bb6 53. Kg2 Kg6
54. Be7 Kf7 55. Bd6 Ke6 56. Bb8 Bd8 57. Kh3 Bf6 58. Bc7 Be7 59. Ba5 Bf6 60. Be1
Kf7 1/2-1/2

[Event "16 open Andre  POHU"]
[Site "?"]
[Date "2017.06.04"]
[Round "3.2"]
[White "English, Colya"]
[Black "Crouan, Stéphane"]
[Result "1-0"]
[WhiteElo "2007"]
[BlackElo "2192"]
[PlyCount "91"]
[EventDate "2017.??.??"]

1. d4 Nf6 2. Nf3 g6 3. g3 Bg7 4. Bg2 O-O 5. O-O d6 6. c4 a6 7. Nc3 Nc6 8. Re1
Rb8 9. Rb1 b5 10. cxb5 axb5 11. b4 Nd7 12. e4 h6 13. Be3 Kh7 14. Qd3 e6 15. Nd2
e5 16. d5 Nd4 17. Ne2 Nxe2+ 18. Rxe2 Ra8 19. Nb3 Nb8 20. Rc2 Bd7 21. Na5 f5 22.
f3 g5 23. Rbc1 Na6 24. a3 f4 25. Bf2 Rf7 26. Nc6 Qf6 27. g4 h5 28. h3 hxg4 29.
hxg4 Rh8 30. Qxb5 Nb8 31. Qd3 Nxc6 32. dxc6 Bxg4 33. fxg4 f3 34. Qxf3 Qxf3 35.
Bxf3 Rxf3 36. Rc3 Rf4 37. Rh3+ Kg6 38. Rxh8 Bxh8 39. Bb6 Rxg4+ 40. Kh2 Rxe4 41.
Bxc7 Re2+ 42. Kg1 e4 43. Bb6 Bb2 44. c7 Bxc1 45. c8=Q Bf4 46. Qc4 1-0

[Event "16 open Andre POHU"]
[Site "?"]
[Date "2017.06.04"]
[Round "3.3"]
[White "Dalaud, Dorian"]
[Black "Primel, Dominique"]
[Result "0-1"]
[WhiteElo "1911"]
[BlackElo "1898"]
[PlyCount "80"]
[EventDate "2017.??.??"]

1. e4 c5 2. Nf3 e6 3. d4 cxd4 4. Nxd4 a6 5. c4 Qc7 6. Nc3 Nf6 7. Bd3 Nc6 8. Nc2
Ne5 9. b3 b5 10. f4 Nxd3+ 11. Qxd3 bxc4 12. bxc4 Bc5 13. e5 Ng4 14. Qf3 Nf2 15.
Qxa8 Nxh1 16. Be3 O-O 17. Rb1 f6 18. g3 Bxe3 19. Nxe3 fxe5 20. Qxh1 exf4 21.
gxf4 d5 22. Ncxd5 exd5 23. Qxd5+ Kh8 24. Qe5 Qa7 25. Rb8 Rd8 26. c5 Qd7 27. Kf2
Re8 28. Qxe8+ Qxe8 29. Nd5 h6 30. Nb6 Qe4 31. Rxc8+ Kh7 32. Kg3 h5 33. a4 Qe3+
34. Kg2 h4 35. h3 Qg3+ 36. Kf1 Qxh3+ 37. Ke2 Qg2+ 38. Kd3 h3 39. c6 h2 40. c7
Qb7 0-1

[Event "16 open Andre POHU"]
[Site "?"]
[Date "2017.06.04"]
[Round "4.1"]
[White "Lucas, Arthur"]
[Black "Englisch, Colya"]
[Result "1-0"]
[WhiteElo "2105"]
[BlackElo "2007"]
[PlyCount "45"]
[EventDate "2017.??.??"]

1. b3 Nf6 2. Bb2 g6 3. f4 d6 4. Nf3 Bg7 5. e3 O-O 6. Be2 c5 7. O-O Nc6 8. c4
Rb8 9. Nc3 a6 10. h3 Ne8 11. d4 b6 12. d5 Na7 13. a4 Bd7 14. Bd3 Rb7 15. Qe2
Qb8 16. e4 b5 17. axb5 axb5 18. e5 bxc4 19. Bxc4 Nb5 20. Ne4 Nbc7 21. exd6 exd6
22. Bxg7 Nxg7 23. Nf6+ 1-0

[Event "16 open Andre POHU"]
[Site "?"]
[Date "2017.06.04"]
[Round "4.2"]
[White "Primel, Dominique"]
[Black "Flachet, Thierry"]
[Result "0-1"]
[WhiteElo "1898"]
[BlackElo "2109"]
[PlyCount "50"]
[EventDate "2017.??.??"]

1. d4 d5 2. Bf4 Nf6 3. e3 c5 4. c3 Nc6 5. Nd2 Qb6 6. Qb3 c4 7. Qc2 Nh5 8. Be2
Nxf4 9. exf4 g6 10. Ngf3 Bh6 11. g3 O-O 12. h4 Bf5 13. Qc1 f6 14. h5 g5 15.
fxg5 fxg5 16. Nxc4 dxc4 17. Bxc4+ Kh8 18. Nxg5 Na5 19. Bd5 Rad8 20. Bg2 e5 21.
O-O exd4 22. b4 Qf6 23. f4 Nc6 24. b5 Na5 25. c4 d3 0-1

[Event "16 open Andre POHU"]
[Site "?"]
[Date "2017.06.03"]
[Round "1.2"]
[White "Flachet, Thierry"]
[Black "Limousin, Eric"]
[Result "1-0"]
[WhiteElo "2109"]
[BlackElo "1738"]
[PlyCount "49"]
[EventDate "2017.??.??"]

1. Nf3 Nf6 2. c4 e6 3. g3 d5 4. d4 c6 5. Bg2 Be7 6. O-O O-O 7. Nc3 Nbd7 8. b3
dxc4 9. bxc4 c5 10. e3 Nb6 11. Qb3 a6 12. Rb1 Nfd7 13. Rd1 Qc7 14. Ba3 Re8 15.
Ne4 cxd4 16. c5 Nd5 17. exd4 N7f6 18. Ne5 Nxe4 19. Bxe4 Rd8 20. Qf3 Bf6 21. Nc4
b5 22. Nb6 Rb8 23. Nxd5 Qa5 24. Nxf6+ gxf6 25. Qxf6 1-0

[Event "16 open Andre  POHU"]
[Site "?"]
[Date "2017.06.04"]
[Round "1.3"]
[White "Gerfault, Pascal"]
[Black "Lucas, Arthur"]
[Result "0-1"]
[WhiteElo "1661"]
[BlackElo "2105"]
[PlyCount "32"]
[EventDate "2017.??.??"]

1. e4 d5 2. exd5 Qxd5 3. d4 e5 4. Be3 Nc6 5. c4 Qa5+ 6. Bd2 Bb4 7. d5 Nd4 8.
Nf3 Bf5 9. Nxd4 exd4 10. a3 Bxd2+ 11. Qxd2 Qb6 12. b4 Qg6 13. Qd1 O-O-O 14. Be2
Qxg2 15. Rf1 Qg6 16. Nd2 d3 0-1

[Event "16 open Andre POHU"]
[Site "?"]
[Date "2017.06.04"]
[Round "4.3"]
[White "Treguer, Pierig"]
[Black "Galan , Francois"]
[Result "0-1"]
[WhiteElo "1961"]
[BlackElo "2089"]
[PlyCount "84"]

1. e4 e5 2. Nf3 Nc6 3. Bb5 f5 4. d3 fxe4 5. dxe4 Nf6 6. O-O Bc5 7. Nc3 d6 8.
Qd3 Bd7 9. a3 O-O 10. Bc4+ Kh8 11. Bg5 Ne7 12. b4 Bb6 13. a4 a5 14. b5 Qe8 15.
Ne2 Qg6 16. Ng3 h6 17. Be3 Bxe3 18. Qxe3 b6 19. Bd3 Nh7 20. Ra3 Qf6 21. Rc3
Rac8 22. Nh5 Qf7 23. Ng3 Qa2 24. Rxc7 Rxc7 25. Qxb6 Rfc8 26. Qxd6 Qe6 27. Nxe5
Kg8 28. Qd4 Nf6 29. b6 Nc6 30. Nxc6 Rxc6 31. b7 Rb8 32. Qa7 Qe8 33. Rb1 Rc7 34.
e5 Nd5 35. Qxa5 Qxe5 36. Qa7 Qe8 37. Bg6 Qd8 38. a5 Nc3 39. Rb4 Nb5 40. Qe3
Rcxb7 41. Qb3+ Kh8 42. Qb1 Nc3 0-1

[Event "16 open Andre POHU"]
[Site "?"]
[Date "2017.06.03"]
[Round "2.4"]
[White "Primel, Dominique"]
[Black "Galan, Francois"]
[Result "1/2-1/2"]
[WhiteElo "1898"]
[BlackElo "2089"]
[PlyCount "79"]

1. Nf3 g6 2. c4 Bg7 3. d4 d6 4. Nc3 c5 5. e4 Nc6 6. d5 Nd4 7. Nxd4 Bxd4 8. Qc2
a6 9. Be2 Nf6 10. O-O O-O 11. Bg5 Bd7 12. a4 Kg7 13. Qd2 Ng8 14. Bd3 Qa5 15.
Rfb1 e5 16. Ne2 Qxd2 17. Bxd2 a5 18. Nxd4 exd4 19. Bf4 Ra6 20. b3 f6 21. Kf1
Nh6 22. h3 Nf7 23. Ke2 Raa8 24. Re1 Rae8 25. Kd2 Ne5 26. Bf1 Re7 27. Bg3 g5 28.
Be2 Kg6 29. Bg4 h5 30. Bxd7 Rxd7 31. f3 Re8 32. h4 Rde7 33. Rf1 Rf7 34. Rf2
Rfe7 35. hxg5 fxg5 36. Rh1 Rh7 37. Bxe5 Rxe5 38. Kd3 Re8 39. Rh3 Re5 40. Rh2
1/2-1/2

[Event "16 open Andre POHU"]
[Site "?"]
[Date "2017.06.05"]
[Round "3.4"]
[White "Galan, Francois"]
[Black "Bourdin, Jacky"]
[Result "1-0"]
[WhiteElo "2089"]
[BlackElo "2030"]
[PlyCount "47"]

1. e4 c5 2. Nc3 Nc6 3. f4 g6 4. Nf3 Bg7 5. Bb5 e6 6. Bxc6 bxc6 7. e5 d5 8. exd6
Nf6 9. d3 Qxd6 10. O-O O-O 11. Ne5 Rd8 12. Qe1 Ba6 13. Kh1 c4 14. dxc4 Rac8 15.
Be3 Qe7 16. b3 Nd7 17. Ne4 c5 18. Rd1 Nxe5 19. Rxd8+ Rxd8 20. fxe5 h6 21. Nf6+
Bxf6 22. exf6 Qf8 23. Qa5 Bb7 24. Bxh6 1-0

[Event "16 open Andre POHU"]
[Site "?"]
[Date "2017.06.04"]
[Round "4.4"]
[White "Viel, Jean marc"]
[Black "Genereau, Thierry"]
[Result "1-0"]
[WhiteElo "1617"]
[BlackElo "1859"]
[PlyCount "77"]

1. e4 c5 2. Nf3 e6 3. c3 d5 4. exd5 Qxd5 5. d4 Nc6 6. Na3 cxd4 7. Nb5 Qd8 8.
Nbxd4 Nf6 9. Bb5 Bd7 10. Nxc6 Bxc6 11. Bxc6+ bxc6 12. O-O Qc7 13. Be3 Be7 14.
Qa4 O-O 15. Bf4 Qb6 16. Qc2 Nd5 17. Bg3 a5 18. Nd2 a4 19. Rad1 Qa6 20. Rfe1 a3
21. b3 Qa5 22. Be5 f6 23. Nc4 Qa7 24. Bd6 Bxd6 25. Nxd6 Qe7 26. Nc4 e5 27. Rd3
Nf4 28. Rd2 Rfd8 29. Red1 Nd5 30. Qc1 Qc5 31. g3 Re8 32. Kg2 f5 33. Re2 e4 34.
Rd4 h6 35. b4 Nxb4 36. Ne3 Nd3 37. Qc2 f4 38. Rc4 f3+ 39. Kg1 1-0

[Event "16 open Andre POHU"]
[Site "?"]
[Date "2017.06.03"]
[Round "1.4"]
[White "Galan, Francois"]
[Black "Meyer, Eric"]
[Result "1-0"]
[WhiteElo "2084"]
[BlackElo "1613"]
[PlyCount "47"]

1. e4 c5 2. Nc3 Nc6 3. f4 g6 4. Nf3 Bg7 5. Bb5 a6 6. Bxc6 dxc6 7. O-O Qc7 8. d3
b6 9. Qe1 Bd7 10. a3 a5 11. Rb1 Nf6 12. e5 Nd5 13. Ne4 Qb7 14. Qh4 Bf5 15. Re1
Bxe4 16. dxe4 Nc7 17. f5 Nb5 18. c3 a4 19. Be3 Na7 20. Red1 c4 21. Bh6 Bxh6 22.
Qxh6 Qc7 23. Qg7 Rf8 24. Ng5 1-0

[Event "16 open Andre POHU"]
[Site "?"]
[Date "2017.06.05"]
[Round "5.1"]
[White "Galan, Francois"]
[Black "Lucas, Arthur"]
[Result "1-0"]
[WhiteElo "2089"]
[BlackElo "2105"]
[PlyCount "67"]

1. e4 e5 2. Nf3 Nc6 3. Bb5 a6 4. Ba4 Nf6 5. O-O Be7 6. Re1 b5 7. Bb3 O-O 8. h3
Bb7 9. c3 d5 10. exd5 Nxd5 11. d4 exd4 12. cxd4 Bf6 13. Nc3 Na5 14. Bc2 Nxc3
15. bxc3 Nc4 16. Qd3 g6 17. Bh6 Bg7 18. Bg5 Qd5 19. Re7 Qd6 20. Rae1 Nb6 21.
Bh4 Nd5 22. Bg3 Qc6 23. Ne5 Bxe5 24. R7xe5 Nxc3 25. f3 Nd5 26. Bb3 Rad8 27. Qd2
Qb6 28. Bf2 Qf6 29. R1e4 Rd7 30. Bh4 Qg7 31. Re8 Nf6 32. Bxf6 Qxf6 33. Rxf8+
Kg7 34. Ree8 1-0

[Event "16 open Andre POHU"]
[Site "?"]
[Date "2017.06.05"]
[Round "5.2"]
[White "Flachet, Thierry"]
[Black "Englisch, Colya"]
[Result "1-0"]
[WhiteElo "2109"]
[BlackElo "2007"]
[PlyCount "81"]

1. Nf3 Nf6 2. c4 g6 3. Nc3 Bg7 4. e4 d6 5. d4 O-O 6. Be2 c5 7. O-O Nc6 8. d5
Na5 9. Qc2 e5 10. a3 b6 11. b4 Nb7 12. Bd2 Nd7 13. Bd3 Nf6 14. Rfe1 Nh5 15.
Rab1 f5 16. Ng5 f4 17. Ne6 Bxe6 18. dxe6 Re8 19. Be2 Nf6 20. Nd5 Rxe6 21. Qd3
Qd7 22. Bc3 h5 23. Red1 Nh7 24. b5 Qd8 25. a4 a5 26. bxa6 Rxa6 27. Rb5 Nf8 28.
Rdb1 Nd7 29. Nxb6 Nxb6 30. a5 d5 31. cxd5 Rd6 32. axb6 Rdxb6 33. d6 Nxd6 34.
Ba5 Rxa5 35. Rxb6 Bf8 36. Qd5+ Nf7 37. Rxg6+ Bg7 38. Qxd8+ Nxd8 39. Rb8 Kf7 40.
Rxg7+ Kxg7 41. Rxd8 1-0

[Event "16 open Andre POHU"]
[Site "?"]
[Date "2017.06.05"]
[Round "5.4"]
[White "Primel, Dominique"]
[Black "Crouan , Stéphane"]
[Result "1/2-1/2"]
[WhiteElo "1898"]
[BlackElo "2192"]
[PlyCount "114"]

1. d4 g6 2. c4 Nf6 3. Nf3 Bg7 4. Nc3 O-O 5. e4 d6 6. Be2 c6 7. h3 a6 8. a4 a5
9. Be3 Na6 10. O-O Nd7 11. Qd2 e5 12. dxe5 dxe5 13. Rad1 Re8 14. Qc2 Qe7 15.
Rfe1 Ndc5 16. Bf1 Nb4 17. Qb1 h6 18. b3 Kh7 19. Re2 Bf8 20. Red2 Qf6 21. Nh2
Ne6 22. Ng4 Qh8 23. g3 h5 24. Nh2 Qf6 25. Bg2 Nc5 26. Nf3 Ne6 27. h4 Kg8 28.
Qc1 Nc5 29. Qb1 Bg4 30. Bg5 Qg7 31. Re1 f6 32. Be3 Rad8 33. Red1 Qc7 34. Bxc5
Bxc5 35. Qc1 Kg7 36. Ne2 Qb6 37. Nc3 Bd4 38. Rf1 Bc5 39. Rfd1 Bd4 40. Rf1 Na6
41. Qc2 Nc5 42. Rb1 Bxf3 43. Bxf3 Ne6 44. Rf1 Bc5 45. Rxd8 Rxd8 46. Ne2 Bd4 47.
Bg2 Qb4 48. Nc1 Qd6 49. Ne2 Bc5 50. Bh3 Nc7 51. Rc1 Qd3 52. Qxd3 Rxd3 53. Rc3
Rd2 54. Bf1 f5 55. exf5 gxf5 56. Rf3 Kf6 57. Nc3 Kg6 1/2-1/2

[Event "16 open Andre POHU"]
[Site "?"]
[Date "2017.06.05"]
[Round "6.2"]
[White "Renard, Emmanuel"]
[Black "Dalaud, Dorian"]
[Result "0-1"]
[WhiteElo "1783"]
[BlackElo "1911"]
[PlyCount "42"]

1. e4 c5 2. Nf3 d6 3. b3 Nf6 4. Bb5+ Nbd7 5. Qe2 g6 6. e5 dxe5 7. Bb2 Bg7 8.
Nxe5 O-O 9. Nxd7 Bxd7 10. O-O Bxb5 11. Qxb5 Qc7 12. g3 h5 13. Re1 h4 14. Be5
Qc8 15. a4 Qf5 16. Nc3 Ng4 17. Bf4 Bd4 18. Re2 e5 19. Be3 Qf3 20. h3 Nxe3 21.
fxe3 a6 0-1

[Event "16 open Andre POHU"]
[Site "?"]
[Date "2017.06.05"]
[Round "6.3"]
[White "Lucas, Arthur"]
[Black "Primel, Dominique"]
[Result "0-1"]
[WhiteElo "2105"]
[BlackElo "1898"]
[PlyCount "70"]

1. e4 c5 2. Nf3 e6 3. d4 cxd4 4. Nxd4 a6 5. g3 d5 6. e5 Ne7 7. Bg2 Nec6 8. Nf3
Nd7 9. Qe2 Bb4+ 10. c3 Be7 11. O-O O-O 12. h4 b5 13. Nbd2 Bb7 14. Nb3 Qc7 15.
Re1 b4 16. cxb4 Nxb4 17. Bd2 Rfc8 18. a3 Nc2 19. Rac1 Qb6 20. Qd3 Nxe1 21. Rxe1
Nc5 22. Nxc5 Bxc5 23. Kh1 Qb5 24. Qb1 Bxf2 25. Ng5 g6 26. Rf1 Qe2 27. Bc3 Qe3
28. Nf3 Qa7 29. Ng5 Rf8 30. h5 Be3 31. hxg6 Bxg5 32. gxf7+ Kg7 33. Bh3 Bc8 34.
Qd1 Rxf7 35. Rxf7+ Qxf7 0-1